Spanish Quiz - Statistics

General Stats
  • This quiz has been taken 2 times
  • The average score is 10 of 15
Answer Stats
Hint Answer % Correct
What hour do we have this class? 5
100%
Who teaches this class? Mrs Smith
100%
What are the names of the people that sit closest to the door? Nobody knows
100%
Who has the most ched in the class? (Use first letter of last name) Owen W
100%
Who's go to kahoot name has Senor in it? Will
100%
How many Carters are in the class? 2
50%
Who did this class lose in free agency? Easton
50%
Who faced the sweats 6 times in a row in a computer game? Grady
50%
Who is the Goat P.O (Use first letter of last name) Owen B
50%
What is Mrs Smith's go too computer assignment? Pear Deck
50%
Who is the most underrated person in the Class? Ryan
50%
What are the famous vlogs Grady and Owen made called? Spanish Vlogs
50%
What do I refer to as the two smartest girls? The Sweats
50%
Who is a consistent top 5 placer in kahoot Tommy
50%
How many females are in the class? Idk
0%
No matching quizzes found
Score Distribution
Percent of People with Each Score
Percentile by Number Answered
Your Score History
You have not taken this quiz